Statistics for Top 15 Most Popular Degrees in British Universities

Click here to take the quiz!

General Stats

  • This quiz has been taken 95 times
  • The average score is 8 of 15

Answer Stats

No. of students enrolledAnswer% Correct
36,545English
81%
40,625History
74%
68,940Law
71%
34,934Mathematics
69%
134,180Business and/or Management Studies
67%
33,290Mechanical Engineering
67%
84,825Psychology
67%
38,595Economics
63%
36,275Sociology
48%
87,685Nursing
45%
35,470Politics
43%
60,835Computer Science
42%
32,255Accounting
32%
58,465Design Studies
20%
41,020Sport and Exercise Science
20%

Score Distribution

Percentile by Number Answered

Percent of People with Each Score

Your Score History

You have not taken this quiz